[Event "Geraardsbergen op 38th"]
[Site "Geraardsbergen"]
[Date "2023.08.06"]
[Round "2"]
[White "Roelandt, Andreas"]
[Black "Lu, Miaoyi"]
[Result "0-1"]
[WhiteElo "1876"]
[BlackElo "2226"]
[PlyCount "68"]
[EventDate "2023.08.06"]
[EventType "swiss"]
[EventRounds "9"]
[EventCountry "BEL"]
[SourceTitle "CBM 215 Extra"]
[Source "ChessBase"]
[SourceDate "2023.09.30"]
[SourceVersion "1"]
[SourceVersionDate "2023.09.30"]
[SourceQuality "1"]

1. d4 d5 2. c4 e6 3. Nc3 c5 4. cxd5 exd5 5. Nf3 Nc6 6. dxc5 d4 7. Na4 Bxc5 8. Nxc5 Qa5+ 9. Bd2 Qxc5 10. Rc1 Qb6 11. e3 dxe3 12. Bxe3 Qxb2 13. Bc4 Nge7 14. 0-0 0-0 15. Ng5 Bf5 16. Qf3 Ne5 17. Qe2 Qxe2 18. Bxe2 Nd5 19. Rc5 Rad8 20. Rd1 Nd3 21. Rxd3 Bxd3 22. Bxd3 h6 23. Nh7 Rfe8 24. Bc4 Nxe3 25. fxe3 Kxh7 26. Bxf7 Rxe3 27. Rc7 Re2 28. h3 Rd1+ 29. Kh2 Rdd2 30. Bc4 Rxg2+ 31. Kh1 Rh2+ 32. Kg1 Rxh3 33. Rxb7 Rg3+ 34. Kf1 Rc3 0-1